population regulation in preindustria and developing societies (Record no. 12978)

MARC details
000 -LEADER
fixed length control field 00370nam a22001457a 4500
003 - CONTROL NUMBER IDENTIFIER
control field OSt
005 - DATE AND TIME OF LATEST TRANSACTION
control field 20211015111032.0
008 - FIXED-LENGTH DATA ELEMENTS--GENERAL INFORMATION
fixed length control field 211015b |||||||| |||| 00| 0 eng d
040 ## - CATALOGING SOURCE
Transcribing agency hu
100 ## - MAIN ENTRY--PERSONAL NAME
Personal name fertility
9 (RLIN) 13894
245 ## - TITLE STATEMENT
Title population regulation in preindustria and developing societies
260 ## - PUBLICATION, DISTRIBUTION, ETC.
Place of publication, distribution, etc. new york
Name of publisher, distributor, etc. har
Date of publication, distribution, etc. 1987
300 ## - PHYSICAL DESCRIPTION
Extent 227
942 ## - ADDED ENTRY ELEMENTS (KOHA)
Source of classification or shelving scheme Dewey Decimal Classification
Koha item type Books like text book referance book
Suppress in OPAC No
Holdings
Withdrawn status Lost status Source of classification or shelving scheme Damaged status Not for loan Home library Current library Shelving location Date acquired Total Checkouts Full call number Barcode Date last seen Copy number Price effective from Koha item type
    Dewey Decimal Classification     Social Library Social Library General Stacks 10/15/2021   304.632/har SHLIB 00002093 10/15/2021 1 10/15/2021 Books like text book referance book